La técnica literaria y sus problemas
Guardat en:
| Autor principal: | |
|---|---|
| Format: | Llibre |
| Idioma: | espanyol |
| Publicat: |
Buenos Aires
Nova
1957
|
| Col·lecció: | Compendios Nova de Iniciación Cultural, 10
|
| Matèries: | |
| Etiquetes: |
Afegir etiqueta
Sense etiquetes, Sigues el primer a etiquetar aquest registre!
|
MARC
| LEADER | 00000nam a2200000 a 4500 | ||
|---|---|---|---|
| 001 | UCQ2373 | ||
| 003 | CL-VaPUC | ||
| 008 | 980724e19570000AG |||||||||||||||||spa|d | ||
| 082 | 0 | 4 | |a 801.93 |b BON |2 21 |
| 100 | 0 | |a Bonet, Carmelo M |e author |9 416245 | |
| 245 | 1 | 3 | |a La técnica literaria y sus problemas |
| 300 | |a 137 p | ||
| 942 | |c BK | ||
| 945 | |d 19980724 00:00:00 |a crobeson | ||
| 260 | |a Buenos Aires |b Nova |c 1957 | ||
| 650 | 0 | |a Composición literaria |9 324494 | |
| 650 | 0 | |a Estética literaria |9 314715 | |
| 650 | 0 | |a Estilo literario |9 316417 | |
| 650 | 0 | |a Redacción |9 320524 | |
| 583 | |a last modification |c 19980724 00:00:00 |k Rodrigo Vera | ||
| 490 | 0 | |a Compendios Nova de Iniciación Cultural, 10 | |
| 999 | |c 273202 |d 273200 | ||
| 952 | |0 0 |1 0 |4 0 |6 801_930000000000000_BON_1957 |7 0 |8 A |9 308579 |a BIBEDU |b BIBGIM |d 2019-11-20 |i 1439847 |l 1 |o 801.93 BON 1957 |p 1439847 |q 2010-09-16 |r 2020-08-03 |s 2020-08-03 |w 2019-11-20 |y BK |k LIT | ||